Sprachen auf denen die Schweiz beim ESC gesungen hat - Statistiken

Allgemein
  • Dieses Quiz wurde 246 mal gespielt
  • Das Durchschnittsergebnis liegt bei 4 aus 5
Antwortstatistiken
Anzahl Sprache % Korrekt
12 Deutsch
100%
15 Englisch
99%
25 Französisch
99%
11 Italienisch
95%
1 Rätoromanisch
46%
Keine übereinstimmenden Quizze gefunden
Verteilung der Resultate
Anzahl Personen mit jedem Resultat
Perzentil nach korrekt beantworteten Fragen
Ihre Resultats-Entwicklung
Sie haben dieses Quiz noch nicht gespielt